000 00785nam a2200229 a 4500
001 000048666
005 20201002061320.0
008 100317s2015 dr bc 000 0 spa d
040 _aDO-SdBNP
_bspa
_cBNPHU
082 _axxx
_bH519f
100 1 _aHenríquez, José
_976111
245 1 0 _aNarcotrafíco y farmacodependencia :
_ben República Dominicana /
_cJose Henríquez ; prólogo Teófilo Barreiro.
246 1 2 _aNarcotrafíco y farmacodependencia II /
250 _a2a. ed.
260 _aSanto Domingo :
_bYou color,
_c2015.
300 _a129p. :
_bmapa, retrs. ;
_c20 cm.
490 1 _aEstudio Sociologíco ;
504 _aBibliográfias p.(130-131)
590 _aInventariado, 2019/ YL
700 1 2 _aBarreiro, Teófilo
_eprol.
_921610
830 0 _aEstudio Sociologíco
_976112
999 _c48154
_d48154